[Event "Calgary Kings vs Princes m"]
[Site "Calgary"]
[Date "2019.04.10"]
[Round "2"]
[White "Chen, Andrew2222"]
[Black "Perron, Sean"]
[Result "0-1"]
[WhiteElo "2029"]
[BlackElo "2104"]
[PlyCount "42"]
[EventDate "2019.04.09"]
[EventType "swiss"]
[EventRounds "4"]
[EventCountry "CAN"]
[SourceTitle "EXT 2022"]
[Source "ChessBase"]
[SourceDate "2021.10.06"]
[SourceVersion "1"]
[SourceVersionDate "2021.10.06"]
[SourceQuality "1"]

1. e4 e6 2. d4 d5 3. Nd2 c5 4. Ngf3 Nc6 5. exd5 Qxd5 6. Bc4 Qd7 7. Nb3 cxd4 8. Nbxd4 Nxd4 9. Nxd4 a6 10. 0-0 Qc7 11. Bb3 Nf6 12. Bg5 Bd6 13. Bxf6 gxf6 14. Qh5 0-0 15. Rad1 Kh8 16. Rd3 Rg8 17. Rh3 Rg7 18. Re1 Qc5 19. Qxc5 Bxc5 20. Rd1 e5 21. Rh5 Bg4 0-1

[Event "Medicine Hat op 23rd"]
[Site "Medicine Hat"]
[Date "2017.09.24"]
[Round "4"]
[White "Sharma, Vishruth"]
[Black "Perron, Sean"]
[Result "0-1"]
[WhiteElo "1491"]
[BlackElo "2052"]
[PlyCount "78"]
[EventDate "2017.09.23"]
[EventType "swiss"]
[EventRounds "5"]
[EventCountry "CAN"]
[SourceTitle "EXT 2019"]
[Source "ChessBase"]
[SourceDate "2018.10.10"]
[SourceVersion "1"]
[SourceVersionDate "2018.10.10"]
[SourceQuality "1"]

1. e4 e6 2. d4 d5 3. e5 c5 4. c3 Bd7 5. Nf3 Qb6 6. Be2 Bb5 7. 0-0 Nc6 8. Be3 Nh6 9. Bxb5 Qxb5 10. Qd2 Nf5 11. a4 Qa5 12. Qe2 Nxe3 13. fxe3 Be7 14. Nbd2 0-0 15. Nb3 Qc7 16. Qb5 a6 17. Qe2 Rac8 18. Rac1 Qb6 19. Qc2 h6 20. Kh1 Qc7 21. Rce1 b6 22. Qf2 f6 23. exf6 Rxf6 24. Qe2 c4 25. Nbd2 Rcf8 26. e4 b5 27. axb5 axb5 28. e5 R6f7 29. Ra1 b4 30. h3 Rb8 31. Rfb1 Rff8 32. Ra6 Rb6 33. Rba1 Rxa6 34. Rxa6 Qb7 35. Ra1 Ra8 36. Qf1 Ra6 37. Rxa6 Qxa6 38. cxb4 Nxb4 39. b3 c3 0-1

[Event "Calgary op 10th"]
[Site "Calgary"]
[Date "2017.08.07"]
[Round "9"]
[White "Zhang, Yuanchen"]
[Black "Perron, Sean"]
[Result "1/2-1/2"]
[WhiteElo "2272"]
[BlackElo "2080"]
[PlyCount "53"]
[EventDate "2017.08.02"]
[EventType "swiss"]
[EventRounds "9"]
[EventCountry "CAN"]
[SourceTitle "EXT 2018"]
[Source "ChessBase"]
[SourceDate "2017.10.13"]
[SourceVersion "1"]
[SourceVersionDate "2017.10.13"]
[SourceQuality "1"]

1. d4 e6 2. c4 f5 3. g3 Nf6 4. Bg2 Be7 5. Nf3 0-0 6. 0-0 d6 7. Nc3 Qe8 8. Qc2 Qh5 9. e4 e5 10. dxe5 dxe5 11. Nd5 Nxd5 12. cxd5 Bd6 13. exf5 Bxf5 14. Qc3 Nd7 15. Ng5 Nf6 16. h3 h6 17. g4 Nxg4 18. hxg4 Bxg4 19. Ne4 Bf3 20. Ng3 Qg4 21. Re1 e4 22. Rxe4 Bxe4 23. Nxe4 Qd1+ 24. Bf1 Qg4+ 25. Bg2 Qd1+ 26. Bf1 Qg4+ 27. Bg2 1/2-1/2

[Event "Calgary op 10th"]
[Site "Calgary"]
[Date "2017.08.02"]
[Round "1"]
[White "Perron, Sean"]
[Black "Gareyev, Timur"]
[Result "0-1"]
[WhiteElo "2080"]
[BlackElo "2620"]
[PlyCount "60"]
[EventDate "2017.08.02"]
[EventType "swiss"]
[EventRounds "9"]
[EventCountry "CAN"]
[SourceTitle "CBM 179 Extra"]
[Source "ChessBase"]
[SourceDate "2017.08.23"]
[SourceVersion "1"]
[SourceVersionDate "2017.08.23"]
[SourceQuality "1"]

1. c4 f5 2. Nf3 g6 3. Nc3 Bg7 4. g3 e5 5. d4 e4 6. Bg5 Nf6 7. Nd2 d6 8. e3 c6 9. f3 exf3 10. Qxf3 h6 11. Bxf6 Qxf6 12. Bd3 0-0 13. 0-0 Be6 14. Rad1 Nd7 15. Qg2 Rae8 16. Rde1 Qd8 17. Nf3 Nb6 18. b3 c5 19. Qc2 Nd7 20. Kg2 a6 21. Nh4 Qg5 22. Nxg6 Qxg6 23. d5 Bxc3 24. Qxc3 Bf7 25. Rxf5 Qg7 26. Qc2 Ne5 27. Be4 Bg6 28. Rf4 Rxf4 29. exf4 Ng4 30. Re2 Rxe4 0-1

[Event "Calgary op"]
[Site "Calgary"]
[Date "2012.05.20"]
[Round "8.6"]
[White "Sequillion, Aaron"]
[Black "Perron, Sean"]
[Result "1/2-1/2"]
[WhiteElo "2012"]
[BlackElo "2059"]
[PlyCount "55"]
[EventDate "2012.05.15"]
[EventType "swiss"]
[EventRounds "9"]
[EventCountry "CAN"]
[SourceTitle "CBM 148 Extra"]
[Source "ChessBase"]
[SourceDate "2012.06.22"]
[SourceVersion "1"]
[SourceVersionDate "2012.06.22"]
[SourceQuality "1"]

1. e4 e6 2. d4 d5 3. e5 c5 4. c3 Nc6 5. Nf3 Qb6 6. a3 Nh6 7. b4 cxd4 8. cxd4 Nf5 9. Be3 Be7 10. Bd3 Nxe3 11. fxe3 f6 12. exf6 Bxf6 13. Nc3 0-0 14. 0-0 Bd7 15. Rc1 Be8 16. Na4 Qd8 17. Nc5 Qe7 18. b5 Nd8 19. Qb3 Bh5 20. a4 Nf7 21. b6 a6 22. Qc2 h6 23. Bg6 Bxg6 24. Qxg6 e5 25. dxe5 Nxe5 26. Nxe5 Bxe5 27. Rfd1 Bxh2+ 28. Kxh2 1/2-1/2

[Event "Calgary op"]
[Site "Calgary"]
[Date "2012.05.19"]
[Round "7.5"]
[White "Perron, Sean"]
[Black "Nguyen, Kim"]
[Result "1/2-1/2"]
[WhiteElo "2059"]
[BlackElo "2110"]
[PlyCount "45"]
[EventDate "2012.05.15"]
[EventType "swiss"]
[EventRounds "9"]
[EventCountry "CAN"]
[SourceTitle "CBM 148 Extra"]
[Source "ChessBase"]
[SourceDate "2012.06.22"]
[SourceVersion "1"]
[SourceVersionDate "2012.06.22"]
[SourceQuality "1"]

1. d4 Nf6 2. c4 g6 3. Nc3 Bg7 4. e4 d6 5. Nf3 0-0 6. Be2 e5 7. 0-0 Na6 8. Be3 Ng4 9. Bg5 Qe8 10. Re1 h6 11. Bh4 c6 12. h3 Nf6 13. Bf1 Qe7 14. a3 Rd8 15. b4 g5 16. Bg3 Nh5 17. d5 Nc7 18. Nh2 Nf4 19. Ng4 cxd5 20. cxd5 f5 21. exf5 Bxf5 22. Ne3 Bg6 23. Rc1 1/2-1/2

[Event "Calgary op"]
[Site "Calgary"]
[Date "2012.05.16"]
[Round "3.6"]
[White "Perron, Sean"]
[Black "Gardner, Robert"]
[Result "1/2-1/2"]
[WhiteElo "2059"]
[BlackElo "2202"]
[PlyCount "98"]
[EventDate "2012.05.15"]
[EventType "swiss"]
[EventRounds "9"]
[EventCountry "CAN"]
[SourceTitle "CBM 148 Extra"]
[Source "ChessBase"]
[SourceDate "2012.06.22"]
[SourceVersion "1"]
[SourceVersionDate "2012.06.22"]
[SourceQuality "1"]

1. d4 Nf6 2. g3 d5 3. c4 dxc4 4. Bg2 c6 5. Nf3 b5 6. a4 Bb7 7. Ne5 Nd5 8. Nc3 Nxc3 9. bxc3 Qc8 10. 0-0 e6 11. e4 Nd7 12. f4 Nxe5 13. fxe5 Be7 14. Qg4 Bf8 15. Ra2 Qc7 16. Raf2 Rd8 17. Bh3 Bc8 18. Qf3 h6 19. Bg4 g6 20. axb5 cxb5 21. Qxf7+ Qxf7 22. Rxf7 Be7 23. d5 exd5 24. Bxc8 Rxc8 25. exd5 Bc5+ 26. Kg2 Rf8 27. Rb7 Rxf1 28. Kxf1 Bb6 29. Bxh6 Rc5 30. d6 Rxe5 31. d7+ Kd8 32. h4 Bc7 33. Rxa7 Rf5+ 34. Ke2 Be5 35. Bg5+ Bf6 36. Bxf6+ Rxf6 37. Ke3 Rd6 38. Ke4 Rd3 39. Ke5 Ke7 40. Rb7 Rxc3 41. d8Q+ Kxd8 42. Rxb5 Rxg3 43. Kf4 Rg1 44. Rc5 Rf1+ 45. Kg4 Rc1 46. Kg5 c3 47. Kxg6 c2 48. Kh6 Rh1 49. Rxc2 Rxh4+ 1/2-1/2

[Event "Calgary Schleinich Memorial"]
[Site "Calgary"]
[Date "2012.01.21"]
[Round "2"]
[White "Perron, Sean"]
[Black "Zeggelaar, Mike"]
[Result "1-0"]
[WhiteElo "2082"]
[BlackElo "1971"]
[PlyCount "61"]
[EventDate "2012.01.20"]
[EventType "swiss"]
[EventRounds "5"]
[EventCountry "CAN"]
[SourceTitle "EXT 2022"]
[Source "ChessBase"]
[SourceDate "2021.10.06"]
[SourceVersion "1"]
[SourceVersionDate "2021.10.06"]
[SourceQuality "1"]

1. e4 c5 2. Nf3 d6 3. c3 Nf6 4. Bd3 Nc6 5. Bc2 Bg4 6. d3 Qb6 7. Nbd2 e6 8. a4 Be7 9. h3 Bh5 10. Nc4 Qc7 11. Bf4 Nd7 12. Qe2 Rb8 13. 0-0 0-0 14. Qe3 Bxf3 15. Qxf3 e5 16. Bc1 Bf6 17. Ne3 Ne7 18. Ng4 Ng6 19. g3 Qd8 20. Bb3 Bg5 21. h4 Bxc1 22. Rfxc1 b5 23. h5 bxa4 24. Bxa4 Rxb2 25. Qf5 Nf4 26. gxf4 g6 27. Qxd7 Qh4 28. Bc2 gxh5 29. Nh6+ Kh8 30. Qf5 f6 31. Rxa7 1-0

[Event "Calgary Schleinich Memorial"]
[Site "Calgary"]
[Date "2012.01.20"]
[Round "1"]
[White "Perron, Sean"]
[Black "Daniluk, Jim"]
[Result "0-1"]
[WhiteElo "2082"]
[BlackElo "1995"]
[PlyCount "116"]
[EventDate "2012.01.20"]
[EventType "swiss"]
[EventRounds "5"]
[EventCountry "CAN"]
[SourceTitle "EXT 2022"]
[Source "ChessBase"]
[SourceDate "2021.10.06"]
[SourceVersion "1"]
[SourceVersionDate "2021.10.06"]
[SourceQuality "1"]

1. d4 Nf6 2. Nf3 g6 3. g3 Bg7 4. Bg2 0-0 5. 0-0 d5 6. c4 c6 7. Qb3 Nbd7 8. Nc3 dxc4 9. Qxc4 Nb6 10. Qd3 Nbd5 11. e4 Nxc3 12. bxc3 c5 13. Bg5 cxd4 14. cxd4 Nd7 15. Rac1 h6 16. Bf4 b6 17. Bc7 Qe8 18. e5 Bb7 19. Bh3 Kh7 20. Nh4 Nc5 21. dxc5 Qc6 22. Bg2 Qxc7 23. Bxb7 Qxb7 24. c6 Qc7 25. e6 Rad8 26. Qc2 Bf6 27. Ng2 Rd6 28. exf7 Rxf7 29. h4 Bd4 30. Qe4 Bc5 31. h5 Qxc6 32. hxg6+ Rxg6 33. Qc2 Qf3 34. Qxg6+ Kxg6 35. Nh4+ Kg7 36. Nxf3 Rxf3 37. Kg2 Ra3 38. Rc2 a5 39. f4 Bd6 40. Rf3 Ra4 41. Rd3 Re4 42. Kf3 Re1 43. Re2 Rg1 44. Rb3 Bc5 45. Ke4 a4 46. Rd3 Rc1 47. Kf5 Bd6 48. Ke6 Rc6 49. Kd5 Rc5+ 50. Ke4 Kf6 51. Rb2 b5 52. Rd5 Rxd5 53. Kxd5 b4 54. Ke4 h5 55. Rh2 Kg6 56. Kd5 b3 57. axb3 axb3 58. Kc4 e5 0-1

[Event "Red Deer Battle of Alberta"]
[Site "Red Deer"]
[Date "2011.09.24"]
[Round "1.10"]
[White "Hughey, Micah"]
[Black "Perron, Sean"]
[Result "0-1"]
[WhiteElo "2155"]
[BlackElo "2093"]
[PlyCount "58"]
[EventDate "2011.09.24"]
[EventType "team-match"]
[EventRounds "2"]
[EventCountry "CAN"]
[SourceTitle "EXT 2022"]
[Source "ChessBase"]
[SourceDate "2021.10.06"]
[SourceVersion "1"]
[SourceVersionDate "2021.10.06"]
[SourceQuality "1"]

1. e4 e6 2. d4 d5 3. exd5 exd5 4. Bd3 Bd6 5. Qf3 Nc6 6. Ne2 Be6 7. 0-0 Qh4 8. g3 Nxd4 9. Nxd4 Qxd4 10. Nc3 c6 11. Re1 Ne7 12. Be3 Qg4 13. Qg2 Qh3 14. Qh1 0-0 15. Ne2 Ng6 16. Nd4 Bd7 17. c4 dxc4 18. Bxc4 Bb4 19. Red1 Bg4 20. f3 Bc8 21. Bf1 Qh5 22. Qg2 Re8 23. Qf2 Ne5 24. g4 Bxg4 25. fxg4 Nxg4 26. Be2 Nxf2 27. Bxh5 Nxd1 28. Bf4 Nxb2 29. Rb1 Bc5 0-1

[Event "Medicine Hat op"]
[Site "Medicine Hat"]
[Date "2011.09.18"]
[Round "4.2"]
[White "Perron, Sean"]
[Black "Quiring, John"]
[Result "1-0"]
[WhiteElo "2078"]
[BlackElo "1833"]
[PlyCount "61"]
[EventDate "2011.09.17"]
[EventType "swiss"]
[EventRounds "5"]
[EventCountry "CAN"]
[SourceTitle "EXT 2022"]
[Source "ChessBase"]
[SourceDate "2021.10.06"]
[SourceVersion "1"]
[SourceVersionDate "2021.10.06"]
[SourceQuality "1"]

1. e4 e5 2. Nf3 Nc6 3. d4 exd4 4. Nxd4 Qf6 5. Nxc6 Qxc6 6. Bd3 Bc5 7. Nc3 Ne7 8. 0-0 0-0 9. Kh1 d5 10. exd5 Qf6 11. Ne4 Qb6 12. Nxc5 Qxc5 13. c4 Bf5 14. Bxf5 Nxf5 15. Qd3 Nd6 16. b3 Rfe8 17. Be3 Qa3 18. Bd4 Re7 19. c5 Ne4 20. Rac1 Rae8 21. f3 Nf6 22. Bxf6 gxf6 23. Rc2 Re5 24. h3 Rd8 25. Rd1 Qa5 26. Kh2 b6 27. Qc4 bxc5 28. Qxc5 Rdxd5 29. Rxd5 Rxd5 30. Qxc7 Qe1 31. Qg3+ 1-0

[Event "Calgary Schleinich Memorial"]
[Site "Calgary"]
[Date "2011.01.09"]
[Round "5"]
[White "Robichaud, Martin"]
[Black "Perron, Sean"]
[Result "1/2-1/2"]
[WhiteElo "2236"]
[BlackElo "2097"]
[PlyCount "109"]
[EventDate "2011.01.07"]
[EventType "tourn"]
[EventRounds "5"]
[EventCountry "CAN"]
[SourceTitle "EXT 2022"]
[Source "ChessBase"]
[SourceDate "2021.10.06"]
[SourceVersion "1"]
[SourceVersionDate "2021.10.06"]
[SourceQuality "1"]

1. e4 e6 2. c4 d5 3. cxd5 exd5 4. exd5 Nf6 5. Bb5+ Nbd7 6. Qf3 Be7 7. d4 0-0 8. Nc3 Nb6 9. h3 Nbxd5 10. Nge2 c6 11. Bd3 Be6 12. 0-0 Re8 13. Bg5 Nb4 14. Nf4 Bd5 15. Ncxd5 Nfxd5 16. Bxe7 Rxe7 17. Bc4 Nxf4 18. Qxf4 Nd5 19. Qf3 Nb6 20. Qc3 Nxc4 21. Qxc4 Rd7 22. Rad1 Rd5 23. Rfe1 Qd7 24. Re3 Re8 25. Qb4 Re6 26. Qa4 a6 27. Qb3 h6 28. Rde1 Rxe3 29. fxe3 c5 30. dxc5 Rxc5 31. Rd1 Qc7 32. Qa4 Rc1 33. Qe8+ Kh7 34. Qe4+ g6 35. Qd5 Rxd1+ 36. Qxd1 Qc6 37. Qb3 Kg8 38. Kf2 h5 39. Qc3 Qxc3 40. bxc3 f6 41. Kf3 Kf7 42. Ke4 Ke6 43. c4 h4 44. Kd4 Kd6 45. c5+ Ke6 46. a4 f5 47. e4 fxe4 48. Kxe4 a5 49. Kd4 Kd7 50. Kd5 Kc7 51. Kc4 Kc6 52. Kd4 Kd7 53. Kd5 Kc7 54. Kd4 Kd7 55. Kc4 1/2-1/2

[Event "Calgary Schleinich Memorial"]
[Site "Calgary"]
[Date "2011.01.07"]
[Round "1"]
[White "Beaudry, Lukas"]
[Black "Perron, Sean"]
[Result "1/2-1/2"]
[WhiteElo "1982"]
[BlackElo "2097"]
[PlyCount "86"]
[EventDate "2011.01.07"]
[EventType "tourn"]
[EventRounds "5"]
[EventCountry "CAN"]
[SourceTitle "EXT 2022"]
[Source "ChessBase"]
[SourceDate "2021.10.06"]
[SourceVersion "1"]
[SourceVersionDate "2021.10.06"]
[SourceQuality "1"]

1. Nf3 Nf6 2. c4 g6 3. Nc3 Bg7 4. g3 0-0 5. Bg2 d6 6. 0-0 c6 7. d4 Qa5 8. e4 Bg4 9. h3 Bxf3 10. Bxf3 Qb4 11. Be2 e5 12. d5 cxd5 13. Nxd5 Nxd5 14. Qxd5 Nc6 15. a3 Qc5 16. Qd3 a5 17. Be3 Nd4 18. Rab1 a4 19. Bxd4 exd4 20. b4 axb3 21. Rxb3 Ra5 22. Rfb1 Rfa8 23. Rxb7 Rxa3 24. Rb8+ Rxb8 25. Rxb8+ Bf8 26. Qd2 Qa7 27. Qb2 Ra2 28. Qb5 Qa4 29. Qxa4 Rxa4 30. Rb5 Ra6 31. Rd5 Bg7 32. f4 Kf8 33. Kf2 Rc6 34. Kf3 Ke7 35. g4 Rc5 36. g5 Rxd5 37. cxd5 Bh8 38. Bd3 Bg7 39. Ke2 h6 40. h4 hxg5 41. hxg5 f6 42. gxf6+ Kxf6 43. Kf3 g5 1/2-1/2

[Event "Calgary Alberta op"]
[Site "Calgary"]
[Date "2010.10.11"]
[Round "6.6"]
[White "Perron, Sean"]
[Black "Karmali, Hafiz"]
[Result "0-1"]
[WhiteElo "2094"]
[BlackElo "2074"]
[PlyCount "44"]
[EventDate "2010.10.09"]
[EventType "swiss"]
[EventRounds "6"]
[EventCountry "CAN"]
[SourceTitle "EXT 2022"]
[Source "ChessBase"]
[SourceDate "2021.10.06"]
[SourceVersion "1"]
[SourceVersionDate "2021.10.06"]
[SourceQuality "1"]

1. e4 Nf6 2. Nc3 d5 3. d4 dxe4 4. f3 exf3 5. Nxf3 Bg4 6. Bc4 e6 7. 0-0 Nc6 8. Be3 Bd6 9. Qe1 0-0 10. Qh4 Be7 11. Rae1 Bxf3 12. Rxf3 Nd5 13. Qh5 Nxe3 14. Rexe3 Qxd4 15. Rh3 h6 16. Bd3 f5 17. Kh1 Bc5 18. Re1 Ne5 19. Rh4 Ng4 20. g3 Be7 21. Nb5 Qd5+ 22. Kg1 Bc5+ 0-1

[Event "Canadian op"]
[Site "Edmonton"]
[Date "2009.07.18"]
[Round "8"]
[White "Caughlin, Wade"]
[Black "Perron, Sean"]
[Result "1-0"]
[WhiteElo "1855"]
[BlackElo "2132"]
[PlyCount "63"]
[EventDate "2009.07.11"]
[EventType "swiss"]
[EventRounds "9"]
[EventCountry "CAN"]
[SourceTitle "CBM 132 Extra"]
[Source "ChessBase"]
[SourceDate "2009.11.03"]
[SourceVersion "1"]
[SourceVersionDate "2009.11.03"]
[SourceQuality "1"]

1. e4 e6 2. d4 d5 3. e5 c5 4. c3 Nc6 5. Nf3 Qb6 6. a3 Nh6 7. b4 cxd4 8. cxd4 Nf5 9. Bb2 Be7 10. Be2 0-0 11. 0-0 Bd7 12. Kh1 Rac8 13. g4 Nh4 14. Nxh4 Bxh4 15. f4 Be7 16. Nc3 Na5 17. f5 Nc4 18. Bxc4 Rxc4 19. f6 Bd8 20. Ne2 gxf6 21. exf6 Kh8 22. Qd2 Rg8 23. Qh6 Qd6 24. Nf4 Qf8 25. Qh4 e5 26. Nh3 Rxg4 27. Qh5 Qg8 28. Rg1 Rc2 29. Ng5 Qxg5 30. Qxg5 Rxg5 31. Rxg5 Rxb2 32. Rag1 1-0

[Event "Canadian op"]
[Site "Edmonton"]
[Date "2009.07.15"]
[Round "5.36"]
[White "Perron, Sean"]
[Black "Deimert, Elroy"]
[Result "1-0"]
[WhiteElo "2132"]
[BlackElo "1580"]
[PlyCount "99"]
[EventDate "2009.07.11"]
[EventType "swiss"]
[EventRounds "9"]
[EventCountry "CAN"]
[SourceTitle "EXT 2022"]
[Source "ChessBase"]
[SourceDate "2021.10.06"]
[SourceVersion "1"]
[SourceVersionDate "2021.10.06"]
[SourceQuality "1"]

1. e4 d5 2. exd5 Nf6 3. d4 Nxd5 4. c4 Nb6 5. Nc3 e5 6. dxe5 Qxd1+ 7. Nxd1 Be6 8. Ne3 Nc6 9. Nf3 Bc5 10. a3 Bxe3 11. Bxe3 Nxc4 12. Bxc4 Bxc4 13. 0-0-0 Be2 14. Rde1 Bd3 15. Bd2 0-0 16. Bc3 a5 17. Re3 Bf5 18. Nh4 Be6 19. f4 a4 20. f5 Bb3 21. Nf3 Rfe8 22. Rhe1 Rad8 23. Nd2 Nd4 24. Bxd4 Rxd4 25. Nxb3 axb3 26. Rxb3 b6 27. Rc3 c5 28. g3 g6 29. f6 h5 30. Rce3 Rc4+ 31. Kb1 Rd4 32. Kc2 Red8 33. R1e2 c4 34. Re4 b5 35. Rxd4 Rxd4 36. Kc3 Rd3+ 37. Kb4 Rb3+ 38. Kc5 c3 39. bxc3 Rxc3+ 40. Kb4 Rd3 41. Rc2 Rd5 42. Rc8+ Kh7 43. Rc5 Rd4+ 44. Kxb5 Kh6 45. a4 Kg5 46. a5 Rd2 47. a6 Rb2+ 48. Kc6 Ra2 49. Kb6 Rb2+ 50. Rb5 1-0

[Event "Canadian op"]
[Site "Edmonton"]
[Date "2009.07.14"]
[Round "4.34"]
[White "Nadeau, Gabrielle"]
[Black "Perron, Sean"]
[Result "1/2-1/2"]
[WhiteElo "1912"]
[BlackElo "2132"]
[PlyCount "68"]
[EventDate "2009.07.11"]
[EventType "swiss"]
[EventRounds "9"]
[EventCountry "CAN"]
[SourceTitle "EXT 2022"]
[Source "ChessBase"]
[SourceDate "2021.10.06"]
[SourceVersion "1"]
[SourceVersionDate "2021.10.06"]
[SourceQuality "1"]

1. d4 Nf6 2. c4 c6 3. Nc3 d5 4. cxd5 cxd5 5. Bg5 Nc6 6. e3 e6 7. Bd3 Be7 8. Nf3 a6 9. a4 0-0 10. 0-0 Nd7 11. Bxe7 Qxe7 12. Rc1 Nb4 13. Re1 h6 14. Bf1 b6 15. Qb3 Bb7 16. Na2 Nxa2 17. Qxa2 Rfc8 18. Qb3 Qd6 19. Ne5 Nxe5 20. dxe5 Qd8 21. Qb4 Rxc1 22. Rxc1 Rc8 23. Rxc8 Bxc8 24. Qc3 Bb7 25. b3 a5 26. Bb5 Qe7 27. h3 Qc5 28. Qd4 Qc1+ 29. Kh2 Qc2 30. Kg1 Qc5 31. Kh2 Kf8 32. Qh4 Qc7 33. Kg1 Qc1+ 34. Kh2 Qc7 1/2-1/2

[Event "Canadian op"]
[Site "Edmonton"]
[Date "2009.07.11"]
[Round "1.53"]
[White "Perron, Sean"]
[Black "Goodman, Clifford"]
[Result "1-0"]
[WhiteElo "2132"]
[BlackElo "1630"]
[PlyCount "49"]
[EventDate "2009.07.11"]
[EventType "swiss"]
[EventRounds "9"]
[EventCountry "CAN"]
[SourceTitle "EXT 2022"]
[Source "ChessBase"]
[SourceDate "2021.10.06"]
[SourceVersion "1"]
[SourceVersionDate "2021.10.06"]
[SourceQuality "1"]

1. e4 g6 2. d4 Bg7 3. Nc3 c6 4. Be3 d5 5. e5 h5 6. h3 Nh6 7. Nf3 e6 8. Qd2 Qa5 9. 0-0-0 b6 10. Kb1 Ba6 11. Bg5 Bxf1 12. Rhxf1 Nd7 13. Qf4 c5 14. Nxd5 exd5 15. e6 0-0 16. exd7 Nf5 17. d8Q Raxd8 18. Bxd8 Rxd8 19. g4 hxg4 20. hxg4 Nxd4 21. Nxd4 cxd4 22. Rfe1 Rc8 23. Re7 f6 24. Qd6 Qc5 25. Qe6+ 1-0

[Event "Yanofsky Memorial op"]
[Site "Winnipeg"]
[Date "2006.09.03"]
[Round "4"]
[White "Zaczek, Jonathon"]
[Black "Perron, Sean"]
[Result "0-1"]
[WhiteElo "2077"]
[BlackElo "2166"]
[PlyCount "40"]
[EventDate "2006.09.01"]
[EventType "swiss"]
[EventRounds "5"]
[EventCountry "CAN"]
[SourceTitle "EXT 2007"]
[Source "ChessBase"]
[SourceDate "2006.11.23"]
[SourceVersion "1"]
[SourceVersionDate "2006.11.23"]
[SourceQuality "1"]

1. e4 e6 2. d4 d5 3. Nc3 Bb4 4. e5 c5 5. a3 Bxc3+ 6. bxc3 Ne7 7. Qg4 Qc7 8. Qxg7 Rg8 9. Qxh7 cxd4 10. Ne2 Nbc6 11. f4 Bd7 12. Qd3 dxc3 13. Rb1 Nf5 14. Nxc3 a6 15. Bd2 Na5 16. Qxf5 exf5 17. Nxd5 Qd8 18. Bb4 Rg6 19. Rd1 Nc6 20. Bc3 Ne7 0-1

[Event "Yanofsky Memorial op"]
[Site "Winnipeg"]
[Date "2006.09.02"]
[Round "2"]
[White "Kaptsan, Aron"]
[Black "Perron, Sean"]
[Result "0-1"]
[WhiteElo "1947"]
[BlackElo "2166"]
[PlyCount "116"]
[EventDate "2006.09.01"]
[EventType "swiss"]
[EventRounds "5"]
[EventCountry "CAN"]
[SourceTitle "EXT 2007"]
[Source "ChessBase"]
[SourceDate "2006.11.23"]
[SourceVersion "1"]
[SourceVersionDate "2006.11.23"]
[SourceQuality "1"]

1. d4 Nf6 2. c4 g6 3. Nc3 Bg7 4. e4 d6 5. Be2 0-0 6. Nf3 e5 7. 0-0 Nc6 8. d5 Ne7 9. b4 Nh5 10. Re1 Nf4 11. Bf1 h6 12. a4 f5 13. Nd2 c6 14. Ba3 cxd5 15. cxd5 fxe4 16. Ndxe4 Bf5 17. Rc1 a6 18. b5 Nc8 19. Qb3 Rf7 20. Ng3 Bf8 21. Nce4 a5 22. Nd2 Nb6 23. Nge4 Nfxd5 24. Nc4 Bxe4 25. Rxe4 Kg7 26. Rd1 Qf6 27. f3 Rd8 28. Ree1 Kh7 29. Rd2 Rfd7 30. Red1 Nxc4 31. Bxc4 Nb6 32. Bg8+ Kh8 33. Be6 Rc7 34. Bh3 d5 35. Bxf8 Rxf8 36. Rc2 Rff7 37. Rdc1 Qd6 38. Qd3 Kg7 39. Qd2 Rxc2 40. Rxc2 Nxa4 41. Qxa5 Qb6+ 42. Qxb6 Nxb6 43. Kf2 Kf6 44. g3 Re7 45. Bf1 Ke6 46. Ke3 Kd6 47. Bd3 g5 48. Kd2 Rf7 49. Be2 Rf8 50. Ke3 Na4 51. Bf1 Nc5 52. Be2 Ra8 53. Rd2 Ra3+ 54. Kf2 e4 55. Rd1 e3+ 56. Kf1 Ke5 57. Rb1 b6 58. Rd1 d4 0-1

[Event "Yanofsky Memorial op"]
[Site "Winnipeg"]
[Date "2006.09.02"]
[Round "3"]
[White "Perron, Sean"]
[Black "Vlaovic, George"]
[Result "1/2-1/2"]
[WhiteElo "2166"]
[BlackElo "2295"]
[PlyCount "48"]
[EventDate "2006.09.01"]
[EventType "swiss"]
[EventRounds "5"]
[EventCountry "CAN"]
[SourceTitle "EXT 2007"]
[Source "ChessBase"]
[SourceDate "2006.11.23"]
[SourceVersion "1"]
[SourceVersionDate "2006.11.23"]
[SourceQuality "1"]

1. d4 c5 2. d5 e6 3. c4 exd5 4. cxd5 d6 5. Nc3 Na6 6. e4 Nc7 7. a4 Nf6 8. Be2 Be7 9. Nf3 0-0 10. 0-0 Nfe8 11. Bc4 Rb8 12. h3 a6 13. a5 Bd7 14. Qd3 Bf6 15. Re1 b5 16. axb6 Rxb6 17. e5 dxe5 18. Nxe5 Nd6 19. Nxd7 Qxd7 20. Be3 Nxc4 21. Qxc4 Rxb2 22. Ne4 Qxd5 23. Nxf6+ gxf6 24. Qxc5 Qxc5 1/2-1/2

[Event "IECG QB.2006.0.00077"]
[Site "IECG email"]
[Date "2006.04.03"]
[Round "1"]
[White "Peterson, Larry"]
[Black "Perron, Sean"]
[Result "1-0"]
[WhiteElo "1800"]
[BlackElo "1946"]
[PlyCount "22"]
[EventDate "2006.04.11"]
[EventType "tourn (corr)"]
[EventRounds "6"]
[SourceTitle "Corr 2024"]
[Source "ChessBase"]
[SourceDate "2023.10.19"]
[SourceVersion "1"]
[SourceVersionDate "2023.10.19"]
[SourceQuality "1"]

1. c4 Nf6 2. g3 g6 3. Bg2 Bg7 4. Nc3 d6 5. d3 0-0 6. Bg5 h6 7. Bd2 c6 8. e4 Na6 9. Nge2 d5 10. cxd5 cxd5 11. e5 d4 1-0

[Event "Battle of Alberta"]
[Site "Red Deer"]
[Date "2005.08.20"]
[Round "1"]
[White "Perron, Sean"]
[Black "Grumic, Sasha"]
[Result "1-0"]
[WhiteElo "2128"]
[BlackElo "2108"]
[PlyCount "67"]
[EventDate "2005.08.20"]
[EventType "match"]
[EventRounds "2"]
[EventCountry "CAN"]
[SourceTitle "EXT 2007"]
[Source "ChessBase"]
[SourceDate "2006.11.23"]
[SourceVersion "1"]
[SourceVersionDate "2006.11.23"]
[SourceQuality "1"]

1. d4 Nf6 2. Nf3 g6 3. c4 Bg7 4. Nc3 0-0 5. e4 d6 6. Be2 c5 7. d5 b5 8. cxb5 a6 9. a4 axb5 10. Bxb5 Ba6 11. Qc2 Nbd7 12. Bxa6 Rxa6 13. h3 Qa8 14. 0-0 Rb8 15. Be3 Rb4 16. Rab1 Nb6 17. b3 c4 18. bxc4 Rxb1 19. Nxb1 Nfd7 20. Nbd2 Rxa4 21. Rb1 Ra2 22. Qb3 Ra6 23. Qb5 Nc5 24. Bxc5 dxc5 25. Qxc5 Na4 26. Qc7 Nb2 27. Qxe7 Bf8 28. Qc7 Ra1 29. Rxa1 Qxa1+ 30. Kh2 Nd3 31. e5 Nxf2 32. Ng5 Kh8 33. Ndf3 h6 34. Qxf7 1-0